Pracovný seminár v oblasti Vynálezcovstva a zlepšovateľstva pre vedúcich hospodárskych pracovníkov MO SSR Zborník

Saved in:
Bibliographic Details
Format: Book
Language:Slovak
Published: Banská Bystrica Dom. techn. ČSVTS 1986
Edition:1. vyd.
Tags: Add Tag
No Tags, Be the first to tag this record!

MARC

LEADER 00000nam a2200000 4500
001 c040755
005 20221219100740.4
041 0 |a slo 
044 |a SK 
245 1 0 |a Pracovný seminár v oblasti Vynálezcovstva a zlepšovateľstva pre vedúcich hospodárskych pracovníkov MO SSR  |b Zborník 
250 |a 1. vyd. 
264 1 |a Banská Bystrica  |b Dom. techn. ČSVTS  |c 1986 
300 |a 165 s.